000 00511nam a2200229Ia 4500
003 OSt
005 20220912144002.0
006 a|||||r|||| 00| 0
007 ta
008 220909b |||||||| |||| 00| 0 eng d
024 _a202227
037 _cTextual
040 _beng
041 _aeng
082 _aB245, K9
100 _akapur j n
245 0 _aMatrices
300 _ap.
_ccm
700 _a singal m k
942 _hB245, K9
_cTEXL
_2CC
999 _c125
_d125